LEADER 01228nas 2200409- 450 001 996322750303316 005 20200607055853.2 035 $a(OCoLC)829410074 035 $a(CKB)2560000000107428 035 $a(CONSER)--2013202238 035 $a(DE-599)ZDB2746906-2 035 $a(EXLCZ)992560000000107428 100 $a20130308a20139999 --- a 101 0 $aeng 135 $aur||||||||||| 181 $ctxt$2rdacontent 182 $cc$2rdamedia 183 $acr$2rdacarrier 200 00$aJournal of health economics and outcomes research 210 1$aAnn Arbor, MI :$cA2 Publications,$d2013- 210 31$aNew York, NY :$cColumbia Data Analytics, LLC 215 $a1 online resource 300 $aRefereed/Peer-reviewed 311 $a2327-2236 517 3 $aJHEOR 531 0 $aJ. health econ. outcomes res. 606 $aEconomics, Medical 606 $aTechnology Assessment, Biomedical 608 $aPeriodicals.$2fast 608 $aPeriodical. 615 12$aEconomics, Medical. 615 22$aTechnology Assessment, Biomedical. 676 $a338.4761 906 $aJOURNAL 912 $a996322750303316 996 $aJournal of health economics and outcomes research$91944369 997 $aUNISA LEADER 01456nam a22002771i 4500 001 991000178359707536 005 20030226130458.0 008 020919s1977 it |||||||||||||||||ita 035 $ab11970340-39ule_inst 035 $aARCHE-006014$9ExL 040 $aDip.to Filologia Ling. e Lett.$bita$cA.t.i. Arché s.c.r.l. Pandora Sicilia s.r.l. 082 04$a792.1609 110 2 $aCentro di studi sul teatro medioevale e rinascimentale$0448692 245 10$aDimensioni drammatiche della liturgia medioevale :$batti del 1. convegno di studio : Viterbo, 31 maggio, 1 - 2 giugno 1976 /$cCentro di studi sul teatro medioevale e rinascimentale 260 $a[Milano] :$bBulzoni,$cstampa 1977 300 $a314 p. ;$c24 cm 500 $aIn testa al front.: Ente provinciale per il turismo, Viterbo. - In calce al front.: Amministrazione provinciale di Viterbo 650 4$aDramma sacro$xMedioevo$xCongressi$xViterbo$y1976 650 4$aLiturgia$xMedioevo$xCongressi$xViterbo$xTeatro$xOrigini 907 $a.b11970340$b02-04-14$c01-04-03 912 $a991000178359707536 945 $aLE008 FL.M. (f.r.) V B 28$g1$i2008000493967$lle008$o-$pE0.00$q-$rl$s- $t0$u0$v0$w0$x0$y.i12249555$z01-04-03 945 $aLE009 STOR.25-7$g1$i2009000151369$lle009$o-$pE0.00$q-$rl$s- $t0$u1$v0$w1$x0$y.i13064010$z26-01-04 996 $aDimensioni drammatiche della liturgia medioevale$9136605 997 $aUNISALENTO 998 $ale008$ale009$b01-04-03$cm$da $e-$fita$git $h0$i1